000 00350nam a2200145 i 4500
001 bg
245 0 _aInstrukcja B-II :
_bosnowa wysokościowa lokalnego znaczenia 1-6 klasy.
260 _aWarszawa,
_c1974.
650 9 _aGeodezja
655 _aInstrukcje
040 _cBPK
041 _apol
942 _cKS
008 s pl f |000 0 pol
999 _c395
_d395
856 _uhttp://koha.tu.koszalin.pl/cgi-bin/koha/opac-detail.pl?biblionumber=395
_yKatalog online BPK